Größte deutschsprachige Ballungszentren - Statistiken

Allgemein
  • Dieses Quiz wurde 299 mal gespielt
  • Das Durchschnittsergebnis liegt bei 51 aus 85
Antwortstatistiken
Land Einwohner Stadt % Korrekt
DE 4.290.482 Berlin
99%
DE 5.837.624 Ruhrgebiet
98%
DE 2.686.299 Hamburg
97%
DE 3.178.671 Köln - Bonn
95%
DE 2.435.209 München
95%
DE 3.025.700 Frankfurt am Main
93%
DE 2.234.166 Stuttgart
93%
AT 2.381.082 Wien
93%
DE 869.883 Dresden
91%
CH 2.051.343 Zürich
91%
DE 698.928 Leipzig
89%
DE 1.111.169 Hannover
87%
DE 868.843 Bremen
86%
DE 1.230.838 Nürnberg
83%
DE 376.866 Kiel
82%
CH 431.996 Bern
81%
DE 246.345 Rostock
79%
AT 261.062 Salzburg
78%
DE 1.003.149 Düsseldorf
76%
DE 338.257 Magdeburg
76%
DE 1.695.402 Mannheim
76%
DE / CH 495.128 Basel
75%
DE 239.680 Erfurt
75%
DE 435.190 Freiburg
74%
CH 132.808 Fribourg
74%
DE 419.848 Kassel
74%
DE 544.558 Aachen
73%
DE 570.240 Saarbrücken
72%
DE 489.489 Braunschweig
71%
DE 144.224 Jena
71%
DE 794.086 Karlsruhe
71%
DE 547.174 Augsburg
70%
DE 444.992 Münster
70%
CH 171.339 Biel
69%
AT 441.137 Graz
69%
DE 324.196 Halle (Saale)
69%
LU 521.277 Luxemburg
69%
DE 292.644 Ulm
68%
DE 362.816 Osnabrück
66%
DE 446.989 Chemnitz
65%
DE 329.526 Lübeck
65%
DE 750.188 Bielefeld
64%
DE 141.029 Wolfsburg
64%
AT 244.610 Innsbruck
63%
DE 278.900 Würzburg
63%
DE 456.236 Koblenz
62%
AT 417.919 Linz
61%
DE 241.914 Oldenburg
61%
DE 290.922 Regensburg
59%
DE 129.010 Flensburg
57%
DE 177.589 Trier
57%
DE 223.889 Ingolstadt
56%
DE 116.574 Gera
55%
DE 156.102 Göttingen
53%
DE 238.769 Paderborn
53%
DE 108.344 Cottbus
52%
DE 356.087 Darmstadt
52%
DE 200.116 Bremerhaven
51%
DE 573.225 Mönchengladbach
51%
DE 178.109 Kaiserslautern
49%
DE 843.373 Wuppertal
46%
CH 348.628 Luzern
45%
DE 346.539 Reutlingen - Tübingen
44%
DE 207.553 Zwickau
44%
DE 204.326 Siegen
43%
DE 336.424 Heilbronn
41%
DE 146.151 Hildesheim
39%
IT 154.840 Bozen
38%
AT 152.986 Klagenfurt
38%
DE 161.397 Bamberg
37%
DE 227.421 Pforzheim
37%
DE 128.050 Fulda
36%
DE 104.586 Bayreuth
34%
DE 193.512 Hamm
34%
DE 284.664 Gießen
33%
CH 270.866 St. Gallen
33%
DE 242.993 Aschaffenburg
30%
DE 151.023 Rosenheim
26%
DE 129.087 Lüneburg
22%
DE 119.391 Kempten
19%
CH 134.207 Thun
19%
DE 180.068 Düren
15%
DE 125.177 Landshut
14%
DE 186.399 Göppingen
9%
CH 239.974 Olten-Zofingen
5%
Keine übereinstimmenden Quizze gefunden
Verteilung der Resultate
Anzahl Personen mit jedem Resultat
Perzentil nach korrekt beantworteten Fragen
Ihre Resultats-Entwicklung
Sie haben dieses Quiz noch nicht gespielt